000 00258nam a22001217a 4500
008 170920b xxu||||| |||| 00| 0 eng d
041 _aALB
080 _a7
100 _a45
101 _aART
245 _aSI E RENE NGA QIELLI
_cDISERENS,C
942 _2udc
_cBK
999 _c28595
_d28595